Prácticas profesionales sobre casos reales : 2016 - 2017. Anuario del Patrocinio Jurídico Gratuito de la Facultad de Derecho UBA /
Guardado en:
| Otros Autores: | |
|---|---|
| Formato: | Libro |
| Idioma: | Undetermined |
| Publicado: |
Buenos Aires :
Departamento de Publicaciones de la Facultad de Derecho. Universidad de Buenos Aires,
2019.
|
| Edición: | 1a. ed. |
| Materias: | |
| Etiquetas: |
Agregar Etiqueta
Sin Etiquetas, Sea el primero en etiquetar este registro!
|
| LEADER | 00662nam a22001695a 4500 | ||
|---|---|---|---|
| 001 | DER.der015666 | ||
| 008 | 260129s2019####ag############000#0#und#d | ||
| 005 | 20260129110002.0 | ||
| 245 | 1 | 0 | |a Prácticas profesionales sobre casos reales : |b 2016 - 2017. Anuario del Patrocinio Jurídico Gratuito de la Facultad de Derecho UBA / |c coordinado por Oscar Zoppi. |
| 250 | |a 1a. ed. | ||
| 260 | |a Buenos Aires : |b Departamento de Publicaciones de la Facultad de Derecho. Universidad de Buenos Aires, |c 2019. | ||
| 300 | |a 423 p. | ||
| 020 | |a 979502329123 | ||
| 700 | 1 | |a Zoppi, Oscar, |e coord. | |
| 650 | 7 | |a DERECHO | |
| 650 | 7 | |a JUSTICIA | |
| 859 | |a DERECHO |b BIB. DERECHO |h 340.114 |i PRA |p 0010794 | ||
